000 00624nas a2200229 4500
001 BR9209123
003 BR-BrBNA
005 20231205093221.0
007 ta
008 230509b bl.|||p| |||| 00| 00por d
040 _aBR-BrBNA
_bpor
_cBiblioteca Nacional de Agricultura
041 _a(Pt)
072 _aF01
100 1 _aJancikic, M.
245 1 _aTrepadeiras em vasos
650 _aTREPADEIRA ORNAMENTAL
650 _aPRATICA CULTURAL
650 _aPRATICO
773 0 _tSitios e Jardins (Brazil)
_x
_g(May 1992), v. 5(52) p. 14-21
_wBR9209123
909 _a202311
_bLúcia
_c55
_dLúcia Elande
942 _2AGRIS
_n0
_cANA
999 _c136916
_d136916